Prepositions

Na minha lista:
Detalhes bibliográficos
Formato: Foto Livro
Idioma:English
Publicado em: Bicester, England : Winslow Press, 1996.
Assuntos:
Tags: Adicionar Tag
Sem tags, seja o primeiro a adicionar uma tag!
Thư viện lưu trữ: Mạng thư viện Đại học Đà Nẵng
LEADER 00827ckm a2200313 i 4500
001 000049726
003 9739
005 20030314092653.0
008 010406|1996 vm 000 eng
020 |a 0863880762 
040 |a IRC  |c IRC  |d IRC 
041 0 |a eng 
082 1 4 |a 428.2  |b Pre 
245 0 0 |a Prepositions  |h [Pictures, Maps, Color cards Bản đồ, tranh] /  |c I. Franklin and C. McAlliste. 
260 |a Bicester, England :  |b Winslow Press,  |c 1996. 
300 |a 48 pictures :  |b col. ;  |c notes. 
630 0 4 |a English language. 
650 0 4 |a English language. 
OWN |a DUT 
999 |a From the UDN01 
TYP |a Picture 
TYP |a Monograph 
TYP |a Visual Material 
980 |a Mạng thư viện Đại học Đà Nẵng